| 000 | 00518nam a22001457a 4500 | ||
|---|---|---|---|
| 082 | _a621.3 | ||
| 100 | _aAshraf, Asra | ||
| 245 |
_aDiagnosis of Malarial Retinopathy by Classifying Retinal Whitening, Cotton Wool Spots and Retinal Hemorrhages / _cAsra Ashraf |
||
| 260 |
_aIslamabad : _bCEME - NUST, _c2015. |
||
| 300 |
_a62 p. ; _c30cm. |
||
| 650 |
_aElectrical Engineering-MS-Thesis _916073 |
||
| 700 |
_aDr. Shahzad Amin Sheikh _918620 |
||
| 942 |
_2ddc _cTHE |
||
| 999 |
_c536471 _d536471 |
||